| 000 | 00907nam a2200253 i 4500 | ||
|---|---|---|---|
| 003 | IT-RoINE | ||
| 005 | 20210330080243.0 | ||
| 008 | 200130s2020 sp |r|||| 000 | spa d | ||
| 020 | _a9788437640778 | ||
| 040 |
_aSpMaBN _cSpMaBN IT-RoINE _dIT-RoINE |
||
| 100 | 1 |
_aVázquez García, Francisco, _937715 _d1961- |
|
| 245 | 1 | 0 |
_aPater infamis : _bgenealogía del cura pederasta en España (1880-1912) / _cFrancisco Vázquez García. |
| 260 |
_aMadrid : _bCátedra, _c[2020] |
||
| 300 |
_a294 p. ; _c21 cm. |
||
| 336 |
_aTexto _2rdacontent |
||
| 337 |
_2rdamedia _aunmediated |
||
| 338 |
_2rdacarrier _avolume |
||
| 490 | 1 |
_aHistoria. _aSerie menor |
|
| 504 | _aBibliografía: p. 267-294. | ||
| 650 | 4 |
_aNiños _xAbusos sexuales del clero _zEspaña _xHistoria _ySiglos 19o.-20. _970471 |
|
| 650 | 4 |
_aClero _xConducta sexual _zEspaña _970472 |
|
| 830 | 0 |
_911949 _aHistoria (Cátedra). _pSerie menor |
|
| 942 | _cMTS | ||
| 999 |
_c35930 _d35930 |
||